| 000 | 01166nam a22002897a 4500 | ||
|---|---|---|---|
| 005 | 2010092809249.0 | ||
| 008 | 100915t xxu||||| |||| 00| 0 hin d | ||
| 010 | _aHIN-90648 | ||
| 020 |
_c300.00 _a8188693367 |
||
| 035 | _aHN-62994 | ||
| 037 | _bDBAD / PUB | ||
| 040 |
_aDPL _bHN |
||
| 082 | _a821 | ||
| 100 |
_920178 _aशर्मा, केशवदेव |
||
| 245 |
_aसाठ बरस सौ रंग / _cकेशवदेव शर्मा |
||
| 246 |
_aSaath baras sau rang _bby Keshavdev Sharma |
||
| 260 |
_aदिल्ली _bमित्तल एण्ड सन्स _c2009 |
||
| 270 |
_a80, विजय ब्लॉक, लक्ष्मीनगर _bदिल्ली _e110092 _k011-22756734 |
||
| 300 |
_a223पृ. _c22सेमी (सजिल्द) |
||
| 650 |
_91159 _aहिन्दी कविता |
||
| 650 |
_aHindi Poetry _922205 |
||
| 700 | _920179 | ||
| 700 | _920333 | ||
| 700 | _920540 | ||
| 942 |
_2ddc _cHN _mशर्माके _h821 |
||
| 999 |
_c47949 _d47949 |
||